000 01766nam a2200337 i 4500
003 EG-GICUC
005 20260414233545.0
008 260407s1988 ua ||||fr|||| 00| 0 ara d
040 _a EG-GICUC
_bara
_c EG-GICUC
_d EG-GICUC
_erda
041 0 _aara
082 0 4 _221
_a345.3
_bم ص . ا
092 0 4 _221
099 _aLaw1 07 345.3 م ص . ا 2 ed - 1988
100 0 _aمصطفي محمود عفيفي
_eمؤلف.
245 0 2 _aالوسيط في مبادئ القانون الإداري :
_bدراسة نظرية و تطبيقية مقارنة في تنظيم و نشاط الإدارة العامة.
_nالكتاب الأول ،
_pالنظرية العامة للتنظيم الإداري \
_cدكتور مصطفي محمود عفيفي.
250 _aالطبعة الثانية
264 1 _a[مكان النشر غير محدد] :
_b[اسم الناشر غير محدد]،
_c1988.
300 _a352 ؛ صفحة
_c24 سم.
_bإيضاحيات، صور، مثيليات ؛
336 _2rda content
_atext
337 _2rda media
_aComputer
338 _2rda carrier
_aOnline Resource
504 _aببليوجرافيا : صفحة 338- 342.
505 _aأصول القانون الإداري - الأشخاص الإدارية العامة - المركزية واللامركزية الإدارية - المرافق العامة التقليدية والمعاصرة - التنظيم الإداري في دولة -الإمارات العربية المتحدة
546 _aالنص باللغة العربية
650 1 4 _aالقانون الإداري
_2qrmak
650 1 4 _aالنشاط الإداري
_2qrmak
651 1 _2qrmak
856 4 0 _uhttps://fll.law.cu.edu.eg/fulltext/bks/B07-03381.pdf
905 _a77
942 _2ddc
_n0
_cBK
_e21
999 _c69528
_d69528